00351nam a2200133Ia 4500008004100000020001500041041001200056100001400068245006800082260002500150300000800175650001500183700001900198221030s9999 xx 000 0 und d a007107810X aEnglish aR. Kapoor 0aConsumer Behaviour : Text & Casescby R. Kapoor, N. O. Madichie bTMHaNew Delhic2015 a426 aManagement aN. O. Madichie